Trade and empire in Muscat and Zanzibar : (Record no. 21162)
[ view plain ]
| 000 -LEADER | |
|---|---|
| fixed length control field | 00981cam a22002655a 4500 |
| 005 - DATE AND TIME OF LATEST TRANSACTION | |
| control field | 20160216110528.0 |
| 008 - FIXED-LENGTH DATA ELEMENTS--GENERAL INFORMATION | |
| fixed length control field | 160216s2014 enkb frb 001 0 eng d |
| 020 ## - INTERNATIONAL STANDARD BOOK NUMBER | |
| International Standard Book Number | 9780415756006 |
| 040 ## - CATALOGING SOURCE | |
| Original cataloging agency | EG-ScBUE |
| Language of cataloging | eng |
| Transcribing agency | EG-ScBUE |
| 043 ## - GEOGRAPHIC AREA CODE | |
| Geographic area code | e-uk--- |
| -- | a-mk--- |
| 082 04 - DEWEY DECIMAL CLASSIFICATION NUMBER | |
| Edition number | 22 |
| Classification number | 337.4105353 |
| Item number | BHA |
| 100 1# - MAIN ENTRY--PERSONAL NAME | |
| Personal name | Bhacker, M. Reda. |
| 9 (RLIN) | 39364 |
| Dates associated with a name | 1955- |
| Fuller form of name | (Mohamed Reda), |
| 245 10 - TITLE STATEMENT | |
| Title | Trade and empire in Muscat and Zanzibar : |
| Remainder of title | roots of British domination / |
| Statement of responsibility, etc | M. Reda Bhacker. |
| 260 ## - PUBLICATION, DISTRIBUTION, ETC. (IMPRINT) | |
| Place of publication, distribution, etc | Oxfordshire ; |
| -- | New York : |
| Name of publisher, distributor, etc | Routledge / Taylor & Francis Group, |
| Date of publication, distribution, etc | 2014. |
| 300 ## - PHYSICAL DESCRIPTION | |
| Extent | xxix, 278 p. : |
| Other physical details | maps ; |
| Dimensions | 24 cm. |
| 490 0# - Series Statement | |
| Series statement | Exeter Arabic and Islamic series. |
| 500 ## - GENERAL NOTE | |
| General note | Index : p. 270-278. |
| 504 ## - BIBLIOGRAPHY, ETC. NOTE | |
| Bibliography, etc | Bibliography : p. [247]-269. |
| 650 ## - SUBJECT ADDED ENTRY--TOPICAL TERM | |
| Source of heading or term | BUEsh |
| 651 #0 - SUBJECT ADDED ENTRY--GEOGRAPHIC NAME | |
| Source of heading or term | BUEsh |
| Geographic name | Oman |
| General subdivision | Commerce |
| -- | History |
| 651 #0 - SUBJECT ADDED ENTRY--GEOGRAPHIC NAME | |
| Geographic name | Oman |
| General subdivision | Foreign economic relations |
| Geographic subdivision | Great Britain |
| Source of heading or term | BUEsh |
| 651 #0 - SUBJECT ADDED ENTRY--GEOGRAPHIC NAME | |
| Geographic name | Great Britain |
| General subdivision | Foreign economic relations |
| Geographic subdivision | Oman |
| Source of heading or term | BUEsh |
| 653 ## - INDEX TERM--UNCONTROLLED | |
| Resource For college | BAEPS, Political Science |
| Arrived date list | February2016 |
| 942 ## - ADDED ENTRY ELEMENTS (KOHA) | |
| Source of classification or shelving scheme | Dewey Decimal Classification |
| Withdrawn status | Item status | Source of classification or shelving scheme | Damaged status | Not for loan | Vendor | Home library | Current library | Shelving location | Date acquired | Source of acquisition | Cost, normal purchase price | Serial Enumeration / chronology | Total Checkouts | Full call number | Barcode | Date last seen | Cost, replacement price | Koha item type |
|---|---|---|---|---|---|---|---|---|---|---|---|---|---|---|---|---|---|---|
| Dewey Decimal Classification | Academic Bookshop | Central Library | Central Library | First floor | 16/02/2016 | Purchase | 420.00 | 4863 | 337.4105353 BHA | 000031563 | 15/07/2025 | 525.00 | Book - Borrowing |